Latin Lovers /
שמור ב:
| מחבר ראשי: | |
|---|---|
| פורמט: | ספר |
| שפה: | אנגלית איטלקית |
| יצא לאור: |
Berlin
Magnus-Medien-Verl.-GmbH
c1994
|
| סדרה: | Magnus-Buch
|
| תגים: |
אין תגיות, היה/י הראשונ/ה לתייג את הרשומה!
|
MARC
| LEADER | 00000nam a2200000 c 4500 | ||
|---|---|---|---|
| 001 | (DE-101)948017724 | ||
| 003 | DE-101 | ||
| 005 | 20250817180117.0 | ||
| 007 | tu | ||
| 008 | 960705s1994 gw ||||| |||| 00||||eng | ||
| 015 | |a 96,A33,1294 |2 dnb | ||
| 016 | 7 | |2 DE-101 |a 948017724 | |
| 020 | |a 9783928951661 |c Pp. : DM 30.00 | ||
| 020 | |a 3928951661 |c Pp. : DM 30.00 | ||
| 035 | |a (DE-599)DNB948017724 | ||
| 035 | |a (OCoLC)722613210 | ||
| 040 | |a 1140 |b ger |c DE-101 |d 9999 | ||
| 041 | |a eng |a ita | ||
| 043 | |c XA-IT | ||
| 044 | |c XA-DE | ||
| 100 | 1 | |8 1\p |0 (DE-588)119352273 |0 https://d-nb.info/gnd/119352273 |0 (DE-101)119352273 |a Bedin, Tiziano |d 1958- |e aut |4 aut |2 gnd | |
| 245 | 1 | 0 | |a Latin Lovers / |c Tiziano Bedin |
| 260 | |a Berlin |b Magnus-Medien-Verl.-GmbH |c c1994 | ||
| 300 | |a 90 p. |b ill. |c 26 cm | ||
| 490 | 0 | |a Magnus-Buch | |
| 850 | |a DE-101a |a DE-101b | ||
| 883 | |8 1\p |a cgwrk |d 20210314 |q DE-101 |u https://d-nb.info/provenance/plan#cgwrk | ||
| 942 | |2 ddc |c BK | ||
| 952 | |0 0 |1 0 |2 ddc |4 0 |7 0 |9 7338 |a MI |b MI |d 2010-03-03 |i 5935 |l 0 |p CDOM5935 |r 2025-07-13 16:28:37 |w 2025-07-13 |x DONO |y BK | ||
| 999 | |c 6038 |d 6038 | ||